<?xml version="1.0" encoding="UTF-8"?><record xmlns="http://www.loc.gov/MARC21/slim" xmlns:zs="http://docs.oasis-open.org/ns/search-ws/sruResponse">
  <leader>01491cz  a2200313n  4500</leader>
  <controlfield tag="001">n  50019197 </controlfield>
  <controlfield tag="003">DLC</controlfield>
  <controlfield tag="005">20230829064824.0</controlfield>
  <controlfield tag="008">800528n| azannaabn          |a aaa      </controlfield>
  <datafield ind1=" " ind2=" " tag="010">
    <subfield code="a">n  50019197 </subfield>
  </datafield>
  <datafield ind1=" " ind2=" " tag="016">
    <subfield code="a">0103H9299E</subfield>
  </datafield>
  <datafield ind1=" " ind2=" " tag="035">
    <subfield code="a">(OCoLC)oca00054631</subfield>
  </datafield>
  <datafield ind1=" " ind2=" " tag="040">
    <subfield code="a">DLC</subfield>
    <subfield code="b">eng</subfield>
    <subfield code="e">rda</subfield>
    <subfield code="c">DLC</subfield>
    <subfield code="d">DLC</subfield>
    <subfield code="d">OCoLC</subfield>
    <subfield code="d">DLC</subfield>
    <subfield code="d">CaOONL</subfield>
    <subfield code="d">CaAEU</subfield>
    <subfield code="d">OCoLC</subfield>
  </datafield>
  <datafield ind1=" " ind2=" " tag="042">
    <subfield code="a">nlc</subfield>
  </datafield>
  <datafield ind1=" " ind2=" " tag="046">
    <subfield code="f">1929-05-19</subfield>
    <subfield code="g">2019-09-13</subfield>
    <subfield code="2">edtf</subfield>
  </datafield>
  <datafield ind1=" " ind2="0" tag="053">
    <subfield code="a">PR9199.3.B3</subfield>
  </datafield>
  <datafield ind1=" " ind2=" " tag="065">
    <subfield code="a">PS8553.A28</subfield>
    <subfield code="2">fcps</subfield>
    <subfield code="5">CaOONL</subfield>
  </datafield>
  <datafield ind1="1" ind2=" " tag="100">
    <subfield code="a">Bacque, James,</subfield>
    <subfield code="d">1929-2019</subfield>
  </datafield>
  <datafield ind1=" " ind2=" " tag="370">
    <subfield code="a">Toronto (Ont.)</subfield>
    <subfield code="c">Canada</subfield>
    <subfield code="2">naf</subfield>
  </datafield>
  <datafield ind1=" " ind2=" " tag="372">
    <subfield code="a">World War, 1939-1945--Prisoners and prisons--Germany</subfield>
    <subfield code="a">Prisoners of war--Abuse of--Germany</subfield>
    <subfield code="2">lcsh</subfield>
  </datafield>
  <datafield ind1=" " ind2=" " tag="373">
    <subfield code="a">University of Toronto</subfield>
    <subfield code="2">naf</subfield>
  </datafield>
  <datafield ind1=" " ind2=" " tag="374">
    <subfield code="a">Novelists</subfield>
    <subfield code="a">Authors</subfield>
    <subfield code="2">lcsh</subfield>
  </datafield>
  <datafield ind1=" " ind2=" " tag="377">
    <subfield code="a">eng</subfield>
  </datafield>
  <datafield ind1=" " ind2=" " tag="378">
    <subfield code="q">James Watson</subfield>
  </datafield>
  <datafield ind1="1" ind2=" " tag="400">
    <subfield code="a">Bacque, James Watson,</subfield>
    <subfield code="d">1929-2019</subfield>
  </datafield>
  <datafield ind1="1" ind2=" " tag="400">
    <subfield code="w">nnea</subfield>
    <subfield code="a">Bacque, James,</subfield>
    <subfield code="d">1929-</subfield>
  </datafield>
  <datafield ind1=" " ind2=" " tag="670">
    <subfield code="a">His The lonely ones, 1969.</subfield>
  </datafield>
  <datafield ind1=" " ind2=" " tag="670">
    <subfield code="a">LAC internal file, September 9, 2019</subfield>
    <subfield code="b">(access point: Bacque, James, 1929-; variant: Bacque, James Watson, 1929-; born 1929; Canadian; full name James Watson Bacque)</subfield>
  </datafield>
  <datafield ind1=" " ind2=" " tag="670">
    <subfield code="a">Wikipedia, viewed 24 March 2020:</subfield>
    <subfield code="b">James Bacque (Canadian writer, publisher, and book editor; born 19 May 1929, Toronto, Ontario; earned a Bachelor of Arts degree in history and philosophy from the University of Toronto in 1952; mainstream fiction writer and essayist before turning his attention to the fate of German prisoners of war after World War II; died 13 September 2019)</subfield>
  </datafield>
</record>
